| 000 | 00687nam a2200253Ia 4500 | ||
|---|---|---|---|
| 008 | 160803s9999 xx 000 0 und d | ||
| 020 | _a9780439096980 | ||
| 100 | _aBagilo, Ben M. | ||
| 245 | _aKitten in the cold / | ||
| 245 | _cBen M. Baglio ; illustrations by Shelagh McNicholas. | ||
| 260 | _aNew York : | ||
| 260 | _bScholastic Inc. | ||
| 260 | _c1996 | ||
| 300 | _a132 pages : | ||
| 300 | _billustrations ; | ||
| 300 | _c20 cm. | ||
| 500 | _a"An Apple paperback." | ||
| 650 | _aAnimal Ark (Imaginary organization) -- | ||
| 650 | _aChristmas stories. | ||
| 650 | _aKittens -- | ||
| 650 | _xJuvenile fiction. | ||
| 650 | _xJuvenile fiction. | ||
| 700 | _a590 | ||
| 999 |
_c299772 _d299772 |
||